NHL or Hockey Teams That Have Never Won A Stanley Cup - Statistics

General Stats
  • This quiz has been taken 20 times
  • The average score is 9 of 10
Answer Stats
Answer % Correct
Minnesota Wild
100%
Nashville Predators
100%
Vancouver Canucks
100%
Winnipeg Jets
100%
Ottawa Senators
94%
San Jose Sharks
94%
Seattle Kraken
94%
Columbus Blue Jackets
83%
Buffalo Sabres
78%
Utah Hockey Club
78%
No matching quizzes found
Score Distribution
Percent of People with Each Score
Percentile by Number Answered
Your Score History
You have not taken this quiz